The Web server handbook /
The Internet and the World Wide Web; Overview of the World Wide Web; Why you should create a Web server; Quick start guide to the Internet and the Web; Web server fundamentals;; Connecting to the Internet; Setting up a Unix web server; Setting up a Windows web server; Setting up a Macintosh web serv...
Đã lưu trong:
| Tác giả chính: | |
|---|---|
| Tác giả khác: | , |
| Định dạng: | Sách |
| Ngôn ngữ: | English |
| Được phát hành: |
Upper Saddle River, N.J. :
Prentice Hall PTR,
1996.
|
| Những chủ đề: | |
| Các nhãn: |
Thêm thẻ
Không có thẻ, Là người đầu tiên thẻ bản ghi này!
|
| Thư viện lưu trữ: | Mạng thư viện Đại học Đà Nẵng |
|---|
| LEADER | 01917cam a2200397 a 4500 | ||
|---|---|---|---|
| 001 | 000044946 | ||
| 003 | 4054 | ||
| 005 | 20060530101425.0 | ||
| 008 | 010220b1996 vm 000 eng | ||
| 020 | |a 013239930X | ||
| 040 | |a LRC |c LRC |d LRC | ||
| 041 | 0 | |a eng | |
| 082 | 1 | 4 | |a 005.71376 |2 21 |b PA-P |
| 100 | 1 | |a Palmer, Pete, |d 1961-. | |
| 245 | 1 | 4 | |a The Web server handbook / |c Pete Palmer, Adam Schneider, Anne Chenette. |
| 260 | |a Upper Saddle River, N.J. : |b Prentice Hall PTR, |c 1996. | ||
| 300 | |a xxviii, 460 p. : |b ill. ; |c 24 cm. + |e 1 computer laser optical disc (4 3/4 in.). | ||
| 500 | |a "For Windows, NT, Macintosh, Linux, Unix systems, step-by-step instructions for creating a server, covers CGI and includes PERL, HTML, and UNIX quick references"--Cover. | ||
| 500 | |a Includes index. | ||
| 520 | 3 | |a The Internet and the World Wide Web; Overview of the World Wide Web; Why you should create a Web server; Quick start guide to the Internet and the Web; Web server fundamentals;; Connecting to the Internet; Setting up a Unix web server; Setting up a Windows web server; Setting up a Macintosh web server; How to create spiffy web pages; Publicizing your World Wide Web site; Running CGI programs on your Web server; A bunch of Perl Scripts; Web server security and maintenance. | |
| 630 | 0 | 4 | |a Computers. |
| 650 | 0 | 4 | |a Web servers. |
| 700 | 1 | |a Schneider, |c Adam. | |
| 700 | 1 | |a Chenette, |c Anne. | |
| OWN | |a DUT | ||
| AVA | |a UDN50 |b DUT |c Book |d 005.71376 PA-P |e available |t Error 5001 Not defined in file expand_doc_bib_avail. |f 1 |g 0 |h N |i 0 |j SH |k 1 | ||
| 999 | |a From the UDN01 | ||
| AVA | |a UDN50 |b DUT |c Book |d 005.71376 PA-P |e available |t Error 5001 Not defined in file expand_doc_bib_avail. |f 1 |g 0 |h N |i 0 |j SH |k 1 | ||
| TYP | |a Monograph | ||
| TYP | |a Printed language | ||
| 980 | |a Mạng thư viện Đại học Đà Nẵng | ||


